LEADER 02947nam 2200637 a 450 001 9910456210203321 005 20200520144314.0 010 $a1-282-76014-9 010 $a9786612760143 010 $a1-84816-535-8 035 $a(CKB)2490000000001907 035 $a(EBL)731330 035 $a(OCoLC)670430044 035 $a(SSID)ssj0000425164 035 $a(PQKBManifestationID)12189618 035 $a(PQKBTitleCode)TC0000425164 035 $a(PQKBWorkID)10364160 035 $a(PQKB)10304895 035 $a(MiAaPQ)EBC731330 035 $a(WSP)0000P702 035 $a(Au-PeEL)EBL731330 035 $a(CaPaEBR)ebr10422398 035 $a(CaONFJC)MIL276014 035 $a(EXLCZ)992490000000001907 100 $a20101022d2010 uy 0 101 0 $aeng 135 $aur|n|---||||| 181 $ctxt 182 $cc 183 $acr 200 10$aPetrochemical economics$b[electronic resource] $etechnology selection in a carbon constrained world /$fDuncan Seddon 210 $aLondon $cImperial College Press$dc2010 215 $a1 online resource (268 p.) 225 1 $aCatalytic science series ;$vv. 8 300 $aDescription based upon print version of record. 311 $a1-84816-534-X 320 $aIncludes bibliographical references and index. 327 $aPreface; CONTENTS; Chapter 1: World Ethylene Production by Steam Cracking; Chapter 2: Chemistry of Olefin Production; Chapter 3: Gaseous Feedstocks - Production and Price; Chapter 4: Liquid Feedstock, Production and Price; Chapter 5: Value of Products, Storage and Transport; Chapter 6: Carbon Dioxide Emissions; ECONOMIC ANALYSIS; Chapter 7: Ethane Cracking; Chapter 8: LPG Cracking; Chapter 9: Liquid Feedstock Cracking; Chapter 10: Other Routes to Olefins from Hydrocarbons; Chapter 11: Routes to Olefins from Coal; APPENDICES; Index 330 $aThis compendium gives an overview of the technologies and economics in the production of olefins in the petrochemical industries. It highlights the options and costs for producing olefins using different technologies and different feedstocks at a time when the cost of carbon dioxide emissions are set to be included in the production cost. Industry professionals, engineers, research scientists and financiers will find this title a valuable resource. 410 0$aCatalytic science series ;$vv. 8. 606 $aPetroleum chemicals industry$xCosts 606 $aPetroleum chemicals industry$xTechnological innovations 608 $aElectronic books. 615 0$aPetroleum chemicals industry$xCosts. 615 0$aPetroleum chemicals industry$xTechnological innovations. 676 $a338.2/728 676 $a338.2728 676 $a338.47665538 700 $aSeddon$b Duncan$0883646 801 0$bMiAaPQ 801 1$bMiAaPQ 801 2$bMiAaPQ 906 $aBOOK 912 $a9910456210203321 996 $aPetrochemical economics$91973644 997 $aUNINA LEADER 01968nas 2200409 n 450 001 990008918650403321 005 20240229084621.0 011 $a1367-4803 035 $a000891865 035 $aFED01000891865 035 $a(Aleph)000891865FED01 035 $a000891865 091 $2CNR$aP 00214965 100 $a20161109a19989999km-y0itaa50------ba 101 0 $aeng 102 $aGB 110 $aauu-------- 200 1 $aBioinformatics$e(Oxford. Print) 207 1$a1998- 210 $aOxford$cOxford University Press 326 $aMensile 430 0$1001000894398$12001$aComputer applications in the biosciences 452 0$12001$aBioinformatics (Oxford. Online) 530 0 $aBioinformatics 531 $aBIOINFORMATICS$bOXF., PRINT 676 $a572.0285 676 $a570.285 801 0$aIT$bACNP$c20090723 859 4 $uhttp://acnp.cib.unibo.it/cgi-ser/start/it/cnr/dc-p1.tcl?catno=1031133&person=false&language=ITALIANO&libr=&libr_th=unina1$zBiblioteche che possiedono il periodico 901 $aSE 912 $a990008918650403321 958 $aBiblioteca Interdipartimentale " G.Quagliariello " Dipartimento di biochimica e Biotecnologie mediche e Dipartimento di Biologia e Patologia cellulare e molecolare. Facoltà di Medicina e Chirurgia. Università degli Studi di Napoli "Federico II"$b2002-2003;$fDMBBM 959 $aDMBBM 996 $aBioinformatics$9377951 997 $aUNINA AP1 8 $6866-01$aNA175 Biblioteca Interdipartimentale " G.Quagliariello " Dipartimento di biochimica e Biotecnologie mediche e Dipartimento di Biologia e Patologia cellulare e molecolare. Facoltà di Medicina e Chirurgia. Università degli Studi di Napoli "Federico II"$eVia Pansini, 5, 80131 Napoli (NA)$m(081) 7463014$m(081) 7463652$nit AP2 40$aacnp.cib.unibo.it$nACNP Italian Union Catalogue of Serials$uhttp://acnp.cib.unibo.it/cgi-ser/start/it/cnr/df-p.tcl?catno=1031133&language=ITALIANO&libr=&person=&B=1&libr_th=unina&proposto=NO